A Textbook of Cost and Management Accounting (Record no. 84287)
[ view plain ]
| 000 -LEADER | |
|---|---|
| fixed length control field | 00576nam a2200193Ia 4500 |
| 008 - FIXED-LENGTH DATA ELEMENTS--GENERAL INFORMATION | |
| fixed length control field | 230125s9999 xx 000 0 und d |
| 020 ## - INTERNATIONAL STANDARD BOOK NUMBER | |
| International Standard Book Number | 978-81-259-5620-9 |
| 041 ## - LANGUAGE CODE | |
| Language code of text/sound track or separate title | eng |
| 082 ## - DEWEY DECIMAL CLASSIFICATION NUMBER | |
| Classification number | 657.42 |
| Item number | ARO |
| 100 ## - MAIN ENTRY--PERSONAL NAME | |
| Personal name | Arora M N |
| 9 (RLIN) | 106397 |
| 245 ## - TITLE STATEMENT | |
| Title | A Textbook of Cost and Management Accounting |
| 250 ## - EDITION STATEMENT | |
| Edition statement | 10th ed |
| 260 ## - PUBLICATION, DISTRIBUTION, ETC. (IMPRINT) | |
| Date of publication, distribution, etc. | 2012 |
| Name of publisher, distributor, etc. | Vikas Publishing House Pvt. Ltd. |
| Place of publication, distribution, etc. | Pune |
| 500 ## - GENERAL NOTE | |
| Keywords | Cost accounting;Management & Cost Accounting;Management accounting |
| 650 ## - SUBJECT ADDED ENTRY--TOPICAL TERM | |
| Topical term or geographic name as entry element | Accounting |
| 9 (RLIN) | 106903 |
| 700 ## - ADDED ENTRY--PERSONAL NAME | |
| Personal name | Arora M N |
| 9 (RLIN) | 106397 |
| 906 ## - LOCAL DATA ELEMENT F, LDF (RLIN) | |
| b | 138 |
| Withdrawn status | Lost status | Damaged status | Not for loan | Home library | Current library | Date acquired | Vendor | Cost, normal purchase price | Bill number | Total Checkouts | Full call number | Barcode | Date last seen | Cost, replacement price | Bill Date | Koha item type | Original Barcode |
|---|---|---|---|---|---|---|---|---|---|---|---|---|---|---|---|---|---|
| Smt. Hiraben Nanavati Institute of Management & Research for Women | Smt. Hiraben Nanavati Institute of Management & Research for Women | 12/08/2013 | Pritam Book Centre | 550.00 | 8593 | 657.42 ARO B12145 | HIMR-BK-12145 | 25/01/2023 | 412.00 | 07/08/2013 | Books | B12145 | |||||
| Smt. Hiraben Nanavati Institute of Management & Research for Women | Smt. Hiraben Nanavati Institute of Management & Research for Women | 19/07/2013 | Pritam Book Centre | 550.00 | 8535 | 657.42 ARO B12077 | HIMR-BK-12077 | 25/01/2023 | 440.00 | 08/07/2013 | Books | B12077 | |||||
| Smt. Hiraben Nanavati Institute of Management & Research for Women | Smt. Hiraben Nanavati Institute of Management & Research for Women | 12/08/2013 | Pritam Book Centre | 550.00 | 8593 | 657.42 ARO B12142 | HIMR-BK-12142 | 25/01/2023 | 412.00 | 07/08/2013 | Books | B12142 | |||||
| Smt. Hiraben Nanavati Institute of Management & Research for Women | Smt. Hiraben Nanavati Institute of Management & Research for Women | 12/08/2013 | Pritam Book Centre | 550.00 | 8593 | 657.42 ARO B12143 | HIMR-BK-12143 | 25/01/2023 | 412.00 | 07/08/2013 | Books | B12143 | |||||
| Smt. Hiraben Nanavati Institute of Management & Research for Women | Smt. Hiraben Nanavati Institute of Management & Research for Women | 03/03/2012 | Forward Books | 485.00 | 5076 | 657.42 ARO B10982 | HIMR-BK-10982 | 25/01/2023 | 364.00 | 14/12/2011 | Books | B10982 | |||||
| Smt. Hiraben Nanavati Institute of Management & Research for Women | Smt. Hiraben Nanavati Institute of Management & Research for Women | 03/03/2012 | Forward Books | 485.00 | 5076 | 657.42 ARO B10981 | HIMR-BK-10981 | 25/01/2023 | 364.00 | 14/12/2011 | Books | B10981 |